00471nam a2200193 a 4500001001300000003000900013005001700022008004100039020000900080082001300089100002000102245003000122260003800152300000900190500003500199505001000234650001300244700002000257nice12345678IN_TiNIC20260116011645.0050524s1964 dela grp 000 0 eng  ac5000a200bBAH aBahm Archie J,  aWorld`s Living Religioons aDelhibArnold Heinemann Pubc1964 a384p aincludes index and biblioraphy2 aIndex aReligion1 aBahm Archie J,